00917nam a2200241 a 450000100100000000500170001000800410002702000150006804000130008308200180009610000180011424501700013226000420030230000210034449000350036550000630040050400310046365000450049465000440053970000300058370000270061383000350064000001079620200929162308.0091012s2001 sp 001 0 spa d a8474325501 aDO-SdBNP a401.41bF113t1 aFabbri, Paolo10aTácticas de los signos :bensayo de semiótica /cPaolo Fabbri ; selección de textos y revisión técnica por Lucrecia Escudero ; traducción Alfredo Báez. aBarcelona, España :bGedisa,c2001. a361 p. ;c23 cm.1 aEl Mamífero Parlante;aMayor aIncluye datos biográficos del autor en la contracubierta aBibliografía: p.360-361. 4aSemióticaxEnsayos, conferencias, etc. 4aSimbolismoxEnsayos, conferencias, etc.1 aEscudero, Lucreciaecomp.1 aBáez, Alfredoetrad. 0aEl Mamífero Parlante;pMayor